00278nam a2200121Ia 4500008004100000082001500041100001400056245003000070250001300100260002700113300000800140650000800148191201s2012 xx 000 0 und d a658.3bJYH aJYOTHI, P 0aHuman Research Management aIMP 14th aN. DelhibOxfordc2012 a565 aMBA